Tractores : diseños básicos y utilización /

Guardado en:
Autor Principal: Botta, Guido Fernando
Formato: Libro
Publicado: Buenos Aires : Fauba, 2007
Materias:
Etiquetas: Agregar Etiqueta
Sin Etiquetas, Sea el primero en etiquetar este registro!
LEADER 00672nam a22001815a 4500
001 CEM.cems017232
005 20090903085949.0
008 130507s2007##################000#0#####d
003 CEMS
020 |a 9789502909974 
082 0 4 |a 631.3 
100 1 |a Botta, Guido Fernando 
245 1 0 |a Tractores :  |b diseños básicos y utilización /  |c Guido Fernando Botta 
260 |a Buenos Aires :  |b Fauba,  |c 2007 
300 |a 171 p. 
505 0 |a Tractores: diseños básicos y utilización -- Tractores: elección -- Tractores: motores y ensayos -- Transmisión -- Neumáticos y otros sistemas de rodados 
653 |a Tractores 
859 |a CEMS  |b BIB. CEMS - Agricultura  |h 631.3  |i B658  |p A0977.09  |t Ej.1